000 00440nam a2200217Ia 4500
001 073333
003 YMCAF
005 20230512160834.0
008 100717s9999 ||||||||||||||||| ||und|d
020 _a-
024 _a73333
035 _a12796
040 _aYMCAF
_beng
_cIN-KoLT
041 _aeng
082 _a621.3
_bNAG
100 _aNAGRATH
245 0 _aELECTRICAL ENGINEERING
250 _a-
653 _a-
942 _2ddc
_cBK
999 _c6720
_d6720